000 01284cam a2200277 i 4500
001 20978980
003 OSt
005 20230623154229.0
008 190518s2018 gh b 001 0 eng
010 _a 2018339996
020 _a9789988300814
040 _aDLC
_beng
_erda
_cDLC
_dDLC
042 _alcode
_apcc
043 _af-gh---
050 0 0 _aKRX4610.O97
100 1 _aOwusu, Kwadwo
_91864
245 1 0 _aA study manual for criminal procedure and practice in Ghana. /
_cKwadwo Owusu.
264 1 _aAccra, Ghana :
_bKwadwo Owusu,
_c2019.
300 _ax, 304 p. ;
_c20 cm
336 _atext
_btxt
_2rdacontent
337 _aunmediated
_bn
_2rdamedia
338 _avolume
_bnc
_2rdacarrier
505 _aContents: General introduction -- Underlying principles, concepts, and practices -- Provisions of the Criminal Procedure Code, 1960, Act 30 -- Provisions relating to criminal proceedings -- Summary trial -- Committal for trial for indictable offence -- Trial on indictment -- Punishments -- Proceedings after trial -- Appeals -- Procedure in juvenile -- Probation and discharge of offenders -- Industrial schools and borstal institutions -- Release and supervision of convicts -- Supplementary provisions --
650 0 _aCriminal procedure
_zGhana.
_91817
942 _2lcc
_cBK
999 _c9836
_d17336